<?xml version="1.0" encoding="UTF-8"?>
<collection xmlns:xsi="http://www.w3.org/2001/XMLSchema-instance" xsi:schemaLocation="http://www.loc.gov/MARC21/slim http://www.loc.gov/standards/marcxml/schema/MARC21slim.xsd" xmlns="http://www.loc.gov/MARC21/slim">
 <record>
  <leader>00000cam a22000003a 4500</leader>
  <controlfield tag="001">UP-8027390931313762506</controlfield>
  <controlfield tag="003">Buklod</controlfield>
  <controlfield tag="005">20080229114731.0</controlfield>
  <controlfield tag="006">m    |o  d |      </controlfield>
  <controlfield tag="007">ta</controlfield>
  <controlfield tag="008">080229s2007    xx     d     r    |||| u|</controlfield>
  <datafield tag="040" ind1=" " ind2=" ">
   <subfield code="a">atm/2/29/08</subfield>
  </datafield>
  <datafield tag="090" ind1="0" ind2=" ">
   <subfield code="a">JC599.P5 N38</subfield>
  </datafield>
  <datafield tag="100" ind1="1" ind2=" ">
   <subfield code="a">National Council of Churches in the Philippines</subfield>
  </datafield>
  <datafield tag="245" ind1="0" ind2="0">
   <subfield code="a">&quot;Let the stones cry out&quot;</subfield>
   <subfield code="b">an ecumenical report on human rights in the Philippines and a call to action</subfield>
   <subfield code="c">National Council of Churches in the Philippines.</subfield>
  </datafield>
  <datafield tag="264" ind1=" " ind2="1">
   <subfield code="a">Quezon City, Phils.</subfield>
   <subfield code="b">National Council of Churches in the Philippines</subfield>
   <subfield code="c">c2007.</subfield>
  </datafield>
  <datafield tag="300" ind1=" " ind2=" ">
   <subfield code="a">90 p.</subfield>
  </datafield>
  <datafield tag="650" ind1=" " ind2="0">
   <subfield code="a">Human rights--Philippines.</subfield>
  </datafield>
  <datafield tag="650" ind1="1" ind2="0">
   <subfield code="a">60RES1 JC 599.P5. N38.</subfield>
  </datafield>
  <datafield tag="852" ind1="0" ind2=" ">
   <subfield code="a">UPVIS</subfield>
   <subfield code="b">UPV-ML</subfield>
   <subfield code="h">JC599.P5 N38</subfield>
  </datafield>
  <datafield tag="942" ind1=" " ind2=" ">
   <subfield code="a">Book</subfield>
  </datafield>
 </record>
</collection>
